| 000 | 00794nam a2200289Ia 4500 | ||
|---|---|---|---|
| 001 | A9067 | ||
| 003 | IT-RoPAU | ||
| 008 | 130308s9999 xx 000 0 und d | ||
| 040 | _aIT-RoPAU | ||
| 040 | _cIT-RoPAU | ||
| 041 | _aITALIANO | ||
| 100 | _aScatasta Luca | ||
| 100 | _gCodice Aut. SPICS: 36634 | ||
| 245 | _aSoap opera mutante (La)-Gli incredibili X-Men | ||
| 245 | _bCrepuscolo degli Eroi (Il) | ||
| 250 | _a1a ed. | ||
| 260 | _aBOLOGNA | ||
| 260 | _bTelemaco | ||
| 260 | _c1992 [1° Ed.:1992 - Ed.Ling.Originale:1992] | ||
| 300 | _a"12 p. (prefazione: no ; testo: 12 [pagine: 137-148])" | ||
| 500 | _aStoria ed Evoluzione del Fumetto Americano. | ||
| 650 | _aSAGGI SUL FUMETTO | ||
| 650 | _eCodice materia Spics: 6711 | ||
| 942 | _cBK | ||
| 957 | _71 | ||
| 999 |
_c82822 _d82822 |
||
| 999 | _g1 | ||